Podpora malých a stredných podnikov na Slovensku

Podpora podnikania a jej ciele. Inštitucionálna podpora MSP. Podpora MSP z fondov EÚ. Vymedzenie štátnej a regionálnej pomoci. Investičná pomoc.

Salvato in:
Dettagli Bibliografici
Autore principale: Kinčáková, Michaela
Natura: Capitolo di libro
Lingua:slovacco
Soggetti:
Tags: Aggiungi Tag
Nessun Tag, puoi essere il primo ad aggiungerne!!

MARC

LEADER 00000nla a2200000 4500
001 0194327
005 20240502073244.1
041 0 |a slo 
044 |a SK 
245 1 0 |a Podpora malých a stredných podnikov na Slovensku  |c Michaela Kinčáková 
520 |a Podpora podnikania a jej ciele. Inštitucionálna podpora MSP. Podpora MSP z fondov EÚ. Vymedzenie štátnej a regionálnej pomoci. Investičná pomoc. 
610 2 0 |a podnikanie 
610 2 0 |a podpora podnikania 
610 2 0 |a podnik malý 
610 2 0 |a podnik stredný 
610 2 0 |a pomoc štátna 
610 2 0 |a fondy Európskej únie 
100 1 |a Kinčáková, Michaela